00582pab a2200169 454500008004000000100001700040245012100057260000900178300001200187362000800199650003300207650001000240773003100250909001000281999001700291952010400308180718b1997 xxu||||| |||| 00| 0 eng d aWood, Adrian aOpenness and wage inequality in developing countries: the Latin American challenge to East-Asian conventional wisdom c1997 ap.33-57 aJan aWages - Developing countries aWages aWorld Bank Economic Review a33562 c33562d33562 00104070aIIPAbIIPAd2018-07-19hVolume no: 11, Issue no: 1pAR33787r2018-07-19w2018-07-19yAR